Načítá se...

Organic chemistry /

Podrobná bibliografie
Hlavní autor: Smith, Janice Gorzynski .
Médium: Printed Book
Jazyk:English
Vydáno: New York : McGraw Hill , 2006.
Témata:
LEADER 00517cam a2200157ua 4500
008 080722s2006 g b000 u eng u
020 |a 0-07-111663-x 
082 1 4 |a 547 P6 
100 1 |a Smith, Janice Gorzynski . 
245 0 0 |a Organic chemistry /   |h Textual Documents 
260 |a New York : McGraw Hill ,   |c 2006. 
300 |a  ;  
650 0 |a Organic chemistry 
942 |c BK 
999 |c 106190  |d 106190 
952 |0 0  |1 0  |4 0  |6 547_000000000000000_P6  |7 0  |9 100905  |a SCS  |b SCS  |d 2014-06-26  |l 0  |o 547 P6  |p SCS03073   |r 2014-06-26  |w 2014-06-26  |y BK